000 00444nam a22001577a 4500
005 20240828130325.0
008 240828b |||||||| |||| 00| 0 eng d
041 _aEnglish
082 _a349 LAW
100 _lEnglish
245 _aThe Laws of South West Africa 1990
260 _aWindhoek:
_bBy Authority,
_c1990
300 _bxviii, 34 pages;
_c30 cm.
650 _aLegal practice
_bLaw
942 _cBK
_6ALISON_BN_VRIES
999 _c2895
_d2895